000 01375nam a2200349 i 4500
003 EG-GICUC
005 20260129220958.0
008 260129s2010 ua ||||f |||| 00| 0 ara d
017 _a2010/3326
020 _a9789770463691
040 _a EG-GICUC
_bara
_c EG-GICUC
_d EG-GICUC
_erda
041 _aara
082 0 4 _221
_a345.6930537
_bب د . ر
092 0 4 _221
099 _aLaw1 07 345.6930537 ب د . ر 1 ed - 2010
100 0 _aبدر محمد عادل محمد
_eمؤلف.
245 1 2 _aالرقابة القضائية على القرارات الإدارية في مملكة البحرين :
_bدراسة مقارنة /
_cدكتور بدر محمد عادل محمد .
250 _aالطبعة الأولى
264 1 _aالقاهرة :
_bدار النهضة العربية ،
_c2010 .
300 _a959 ؛ صفحة
_c24 سم
336 _2rda content
_atext
337 _2rda media
_aComputer
338 _2rda carrier
_aOnline Resource
504 _a. 959-927 ببليوجرافيا: صفحات.
504 _aيشتمل على إرجاعات ببليوجرافية
650 1 4 _aالرقابة القضائية علي اعمال الادارة
_zالبحرين
_2qrmak
650 1 4 _aالقانون الإداري
651 1 _2qrmak
856 4 0 _uhttps://fll.law.cu.edu.eg/fulltext/bks/B07-02449.pdf
905 _a61
942 _2ddc
_cBK
_e21
_n0
999 _c60083
_d60083